En busca del tiempo en que vivimos : (Registro nro. 593)
[ vista simple ]
| 000 -Cabecera | |
|---|---|
| Campo de control interno | 00461nam a2200181Ia 4500 |
| 005 - Fecha y hora del registro | |
| control field | 20260306140529.0 |
| 008 - Elementos de Longitud Fija | |
| fixed length control field | 260306t2023||||xx |||||||||||||| ||spa|| |
| 041 ## - Idioma | |
| Codigo Idioma | ESP |
| 082 ## - DEWEY y NOTACIÓN INTERNA | |
| Dewey | 128 |
| Notación Interna | L587 |
| 100 ## - AUTOR | |
| Autor denominación | Luri Medrano, Gregorio, |
| Término de relación | autor |
| 245 #0 - TÍTULO DE MATERIAL BIBLIOGRÁFICO | |
| Título | En busca del tiempo en que vivimos : |
| Título paralelo | fragmentos del hombre moderno |
| 260 ## - CIUDAD, EDITORIAL, AÑO | |
| Año | 2023 |
| 300 ## - DESCRIPCIÓN | |
| N° Páginas | 301 páginas : |
| Dimensiones | 23 cm. |
| 650 ## - TEMAS | |
| Temas | Generalidades |
| 654 ## - PROGRAMAS | |
| Programa | Dpto. de Humanidades |
| 942 ## - ELEMENTOS DE KOHA | |
| Tipo de documento | Libro |
| Nombre del creador | Justo Noguera |
| Código de catalogador | Justo Noguera |
| Esquema de clasificación | Dewey Decimal Classification |
| Suppress in OPAC | |
| Codigo completo | Registro | Colección | Copia número | Disponibilidad | Tipo de préstamo | Biblioteca Actual | Procedencia (Biblioteca) | Ubicacón | Fecha Ingreso | Tipo de Adquisición | Date last seen | Total checkouts | Price effective from | Tipo de Item | Estado del Material | Fuente de Clasificación | Damaged status | Withdrawn status |
|---|---|---|---|---|---|---|---|---|---|---|---|---|---|---|---|---|---|---|
| 128 L587 | 1080008 | Universidad Católica San Pablo | 1 | Disponible | Disponible | Víctor Andrés Belaunde | Víctor Andrés Belaunde | Planta baja abierta | 03/06/2026 | Compra | 06/03/2026 | 06/03/2026 | Libro | Bueno | Dewey Decimal Classification |




